| 000 -CABECERA |
| fixed length control field |
01385nam a22003257a 4500 |
| 003 - IDENTIFICADOR DEL NÚMERO DE CONTROL |
| control field |
AR-CdUCM |
| 008 - DATOS DE LONGITUD FIJA--INFORMACIÓN GENERAL |
| fixed length control field |
190325b ||||| |||| 00| 0 spa d |
| 020 ## - NÚMERO INTERNACIONAL ESTÁNDAR DEL LIBRO |
| ISBN |
9972-691-58-6 |
| 040 ## - FUENTE DE LA CATALOGACIÓN |
| Agencia/entidad que catalogó originalmente la obra |
MUNICIPALIDAD PROVINCIAL DEL CUSCO |
| Entidad que transcribió la catalogación |
BIBLIOTECA MUNICIPAL DEL CUSCO |
| 082 ## - NÚMERO DE LA CLASIFICACIÓN DECIMAL DEWEY |
| No. de Clasificación |
363.82 / |
| Notacion interna |
L47 |
| 100 ## - ENTRADA PRINCIPAL--NOMBRE DE PERSONA |
| Nombre Personal |
Leopold Mayer, Charles |
| 245 ## - MENCIÓN DE TÍTULO |
| Título |
Nutrición y políticas públicas : |
| Resto del título |
propuestas para un nuevo enfoque de las problemáticas alimentarias / |
| 260 ## - PUBLICACIÓN, DISTRIBUCIÓN, ETC. |
| Lugar de publicación, distribución, etc. |
Paris : |
| -- |
Cusco : |
| Nombre de la editorial, distribuidor, etc. |
Ediciones Charles Léopold Mayer, |
| -- |
Alianza por un Mundo Responsable, Plural y Solidario, |
| -- |
Centro de Estudios Regionales Andinos Bartolomé de las Casas, |
| Fecha de publicación, distribución, etc. |
2003. |
| 300 ## - DESCRIPCIÓN FÍSICA |
| Nº de Páginas Extensión |
106 paginas ; |
| Dimensiones |
17 cm. |
| 440 ## - MENCIÓN DE SERIE/PUNTO DE ACCESO ADICIONAL--TÍTULO |
| Título |
Debate para otro Futuro |
| Número de la parte/sección de una obra |
5 |
| 9 (RLIN) |
23898 |
| 505 ## - NOTA DE CONTENIDO CON FORMATO |
| Nota de contenido formateada |
Contenido:Situación actual -- Nutrición |
| 650 ## - PUNTO DE ACCESO ADICIONAL DE MATERIA--TÉRMINO DE MATERIA |
| Descriptor |
Nutrición |
| 9 (RLIN) |
2384 |
| 650 ## - PUNTO DE ACCESO ADICIONAL DE MATERIA--TÉRMINO DE MATERIA |
| Descriptor |
Politica Nutricional |
| 9 (RLIN) |
23899 |
| 650 ## - PUNTO DE ACCESO ADICIONAL DE MATERIA--TÉRMINO DE MATERIA |
| Descriptor |
Literatura |
| 9 (RLIN) |
83 |
| 650 ## - PUNTO DE ACCESO ADICIONAL DE MATERIA--TÉRMINO DE MATERIA |
| Descriptor |
Siglo XX |
| 9 (RLIN) |
8 |
| 700 ## - PUNTO DE ACCESO ADICIONAL--NOMBRE DE PERSONA |
| Nombre Personal |
Le Bihan, Geneviève |
| 9 (RLIN) |
23900 |
| 700 ## - PUNTO DE ACCESO ADICIONAL--NOMBRE DE PERSONA |
| Nombre Personal |
Delpeuch, Francis |
| 9 (RLIN) |
23901 |
| 700 ## - PUNTO DE ACCESO ADICIONAL--NOMBRE DE PERSONA |
| Nombre Personal |
Maire, Bernard |
| 9 (RLIN) |
23902 |
| 710 ## - PUNTO DE ACCESO ADICIONAL--NOMBRE DE ENTIDAD CORPORATIVA |
| Nombre corporativo (En letras Mayúsculas) |
Fundación Charles Léopold Mayer para el Progreso del Hombre (París) |
| 9 (RLIN) |
5596 |
| 710 ## - PUNTO DE ACCESO ADICIONAL--NOMBRE DE ENTIDAD CORPORATIVA |
| Nombre corporativo (En letras Mayúsculas) |
Centro de Estudios Regionales Andinos Bartolomé de Las Casas (Cusco) |
| 9 (RLIN) |
3306 |
| 710 ## - PUNTO DE ACCESO ADICIONAL--NOMBRE DE ENTIDAD CORPORATIVA |
| Nombre corporativo (En letras Mayúsculas) |
Alianza por un Mundo Responsable, Plural y Solidario (París) |
| 9 (RLIN) |
23903 |
| 942 ## - ELEMENTOS DE PUNTO DE ACCESO ADICIONAL (KOHA) |
| Fuente de clasificación |
|
| Tipo de item |
Libros-BMC |
| 945 ## - PROCESAMIENTO DE INFORMACIÓN LOCAL (OCLC) |
| Catalogador |
pjha |